Essential english vocabulary (Record no. 232972)
[ view plain ]
| 000 -LEADER | |
|---|---|
| fixed length control field | 00428 a2200169 4500 |
| 003 - CONTROL NUMBER IDENTIFIER | |
| control field | Nust |
| 005 - DATE AND TIME OF LATEST TRANSACTION | |
| control field | 20231003173432.0 |
| 008 - FIXED-LENGTH DATA ELEMENTS--GENERAL INFORMATION | |
| fixed length control field | 170227b xxu||||| |||| 00| 0 eng d |
| 020 ## - INTERNATIONAL STANDARD BOOK NUMBER | |
| International Standard Book Number | 9789693702477 |
| 040 ## - CATALOGING SOURCE | |
| Transcribing agency | 0 |
| 082 ## - DEWEY DECIMAL CLASSIFICATION NUMBER | |
| Classification number | 428.1 |
| Author Mark | MAL |
| 100 ## - MAIN ENTRY--PERSONAL NAME | |
| Personal name | Ijaz Ilahi Malik |
| 9 (RLIN) | 118319 |
| 245 ## - TITLE STATEMENT | |
| Title | Essential english vocabulary |
| 260 ## - PUBLICATION, DISTRIBUTION, ETC. | |
| Place of publication, distribution, etc. | Islamabad |
| Name of publisher, distributor, etc. | National Book Foundation |
| Date of publication, distribution, etc. | 2007 |
| 300 ## - PHYSICAL DESCRIPTION | |
| Extent | 394p |
| 942 ## - ADDED ENTRY ELEMENTS (KOHA) | |
| Koha item type | Book |
| Call number prefix | 428.1 |
| Source of classification or shelving scheme | |
| Withdrawn status | Lost status | Source of classification or shelving scheme | Damaged status | Not for loan | Permanent Location | Current Location | Shelving location | Date acquired | Full call number | Barcode | Date last seen | Price effective from | Koha item type | Total Checkouts | Total Renewals | Date last checked out |
|---|---|---|---|---|---|---|---|---|---|---|---|---|---|---|---|---|
| Central Library (CL) | Central Library (CL) | General Stacks | 02/27/2017 | 428.1 MAL | S3H-N-1531 | 02/27/2017 | 02/27/2017 | Book | ||||||||
| Central Library (CL) | Central Library (CL) | 02/27/2017 | 428.1 MAL | S3H-N-1532 | 11/08/2021 | 02/27/2017 | Book | 2 | 1 | 03/30/2021 | ||||||
| Central Library (CL) | Central Library (CL) | General Stacks | 02/27/2017 | 428.1 MAL | S3H-N-1537 | 02/27/2017 | 02/27/2017 | Book | ||||||||
| Central Library (CL) | Central Library (CL) | General Stacks | 02/27/2017 | 428.1 MAL | S3H-N-1538 | 12/10/2021 | 02/27/2017 | Book | 1 | 11/27/2021 | ||||||
| Central Library (CL) | Central Library (CL) | General Stacks | 02/27/2017 | 428.1 MAL | S3H-N-1539 | 10/25/2021 | 02/27/2017 | Reference | 1 | 10/16/2017 | ||||||
| Central Library (CL) | Central Library (CL) | General Stacks | 02/27/2017 | 428.1 MAL | S3H-N-1529 | 02/27/2017 | 02/27/2017 | Book | ||||||||
| Central Library (CL) | Central Library (CL) | General Stacks | 02/27/2017 | 428.1 MAL | S3H-N-1535 | 10/11/2021 | 02/27/2017 | Book | 1 | 1 | 06/10/2019 | |||||
| Central Library (CL) | Central Library (CL) | General Stacks | 02/27/2017 | 428.1 MAL | S3H-N-1534 | 06/15/2022 | 02/27/2017 | Reference | ||||||||
| Central Library (CL) | Central Library (CL) | General Stacks | 02/27/2017 | 428.1 MAL | S3H-N-1530 | 12/02/2021 | 02/27/2017 | Book | 1 | 11/13/2021 | ||||||
| Central Library (CL) | Central Library (CL) | General Stacks | 02/27/2017 | 428.1 MAL | S3H-N-1536 | 07/06/2022 | 02/27/2017 | Book | 3 | 1 | 01/31/2022 | |||||
| Central Library (CL) | Central Library (CL) | General Stacks | 06/26/2018 | 428.1 MAL | S3H-N-1533 | 07/25/2019 | 06/26/2018 | Reference | 1 | 06/11/2019 | ||||||
| Central Library (CL) | Central Library (CL) | General Stacks | 07/02/2018 | 428.1 MAL | S3H-N-1163 | 01/26/2022 | 07/02/2018 | Book | 1 | 01/11/2022 |
